<?xml version="1.0" encoding="UTF-8"?>
<collection xmlns="http://www.loc.gov/MARC21/slim">
<record>
  <controlfield tag="001">133255</controlfield>
  <controlfield tag="005">20240410085329.0</controlfield>
  <datafield tag="024" ind1="7" ind2=" ">
    <subfield code="2">doi</subfield>
    <subfield code="a">10.1039/c6cp04449b</subfield>
  </datafield>
  <datafield tag="024" ind1="8" ind2=" ">
    <subfield code="2">sideral</subfield>
    <subfield code="a">137901</subfield>
  </datafield>
  <datafield tag="037" ind1=" " ind2=" ">
    <subfield code="a">ART-2016-137901</subfield>
  </datafield>
  <datafield tag="041" ind1=" " ind2=" ">
    <subfield code="a">eng</subfield>
  </datafield>
  <datafield tag="100" ind1=" " ind2=" ">
    <subfield code="a">Villagómez, C.J.</subfield>
  </datafield>
  <datafield tag="245" ind1=" " ind2=" ">
    <subfield code="a">Adsorption of single 1,8-octanedithiol molecules on Cu(100)</subfield>
  </datafield>
  <datafield tag="260" ind1=" " ind2=" ">
    <subfield code="c">2016</subfield>
  </datafield>
  <datafield tag="520" ind1="3" ind2=" ">
    <subfield code="a">Single 1,8-octanedithiol (ODT) molecules adsorbed onto the Cu(100) surface have been characterized by using scanning tunneling microscopy (STM) and studied by semi-empirical calculations. STM images have revealed two types of chiral molecules on the surface upon adsorption and both types of molecules showed two bright spots at the extremities of a small rod due to the enhanced electronic density contrast of the chemisorbed sulfur atoms. In sub-monolayer regime deposition, ODT molecules exhibit preferential adsorption directions and the relaxation mechanism is driven by the chemisorption of the two sulfur atoms in a hollow site of the surface. By means of calculations several conformations of the molecule according to the energetically favorable alkane body stretching constraint have been studied. The comparison between relaxed conformations and between calculated and experimental STM images, followed by an analysis of different orientations, has allowed determining unambiguously the most favorable position of the ODT molecule on Cu(100).</subfield>
  </datafield>
  <datafield tag="540" ind1=" " ind2=" ">
    <subfield code="9">info:eu-repo/semantics/closedAccess</subfield>
    <subfield code="a">All rights reserved</subfield>
    <subfield code="u">http://www.europeana.eu/rights/rr-f/</subfield>
  </datafield>
  <datafield tag="590" ind1=" " ind2=" ">
    <subfield code="a">4.123</subfield>
    <subfield code="b">2016</subfield>
  </datafield>
  <datafield tag="591" ind1=" " ind2=" ">
    <subfield code="a">PHYSICS, ATOMIC, MOLECULAR &amp; CHEMICAL</subfield>
    <subfield code="b">6 / 35 = 0.171</subfield>
    <subfield code="c">2016</subfield>
    <subfield code="d">Q1</subfield>
    <subfield code="e">T1</subfield>
  </datafield>
  <datafield tag="591" ind1=" " ind2=" ">
    <subfield code="a">CHEMISTRY, PHYSICAL</subfield>
    <subfield code="b">38 / 144 = 0.264</subfield>
    <subfield code="c">2016</subfield>
    <subfield code="d">Q2</subfield>
    <subfield code="e">T1</subfield>
  </datafield>
  <datafield tag="592" ind1=" " ind2=" ">
    <subfield code="a">1.685</subfield>
    <subfield code="b">2016</subfield>
  </datafield>
  <datafield tag="593" ind1=" " ind2=" ">
    <subfield code="a">Physics and Astronomy (miscellaneous)</subfield>
    <subfield code="c">2016</subfield>
    <subfield code="d">Q1</subfield>
  </datafield>
  <datafield tag="593" ind1=" " ind2=" ">
    <subfield code="a">Physical and Theoretical Chemistry</subfield>
    <subfield code="c">2016</subfield>
    <subfield code="d">Q1</subfield>
  </datafield>
  <datafield tag="655" ind1=" " ind2="4">
    <subfield code="a">info:eu-repo/semantics/article</subfield>
    <subfield code="v">info:eu-repo/semantics/publishedVersion</subfield>
  </datafield>
  <datafield tag="700" ind1=" " ind2=" ">
    <subfield code="a">Castanié, F.</subfield>
  </datafield>
  <datafield tag="700" ind1=" " ind2=" ">
    <subfield code="a">Momblona, C.</subfield>
    <subfield code="0">(orcid)0000-0003-2953-3065</subfield>
  </datafield>
  <datafield tag="700" ind1=" " ind2=" ">
    <subfield code="a">Gauthier, S.</subfield>
  </datafield>
  <datafield tag="700" ind1=" " ind2=" ">
    <subfield code="a">Zambelli, T.</subfield>
  </datafield>
  <datafield tag="700" ind1=" " ind2=" ">
    <subfield code="a">Bouju, X.</subfield>
  </datafield>
  <datafield tag="773" ind1=" " ind2=" ">
    <subfield code="g">18, 39 (2016), 27521-27528</subfield>
    <subfield code="p">Phys. chem. chem. phys.</subfield>
    <subfield code="t">Physical chemistry chemical physics</subfield>
    <subfield code="x">1463-9076</subfield>
  </datafield>
  <datafield tag="856" ind1="4" ind2=" ">
    <subfield code="s">4991632</subfield>
    <subfield code="u">http://zaguan.unizar.es/record/133255/files/texto_completo.pdf</subfield>
    <subfield code="y">Versión publicada</subfield>
  </datafield>
  <datafield tag="856" ind1="4" ind2=" ">
    <subfield code="s">2795055</subfield>
    <subfield code="u">http://zaguan.unizar.es/record/133255/files/texto_completo.jpg?subformat=icon</subfield>
    <subfield code="x">icon</subfield>
    <subfield code="y">Versión publicada</subfield>
  </datafield>
  <datafield tag="909" ind1="C" ind2="O">
    <subfield code="o">oai:zaguan.unizar.es:133255</subfield>
    <subfield code="p">articulos</subfield>
    <subfield code="p">driver</subfield>
  </datafield>
  <datafield tag="951" ind1=" " ind2=" ">
    <subfield code="a">2024-04-10-08:37:28</subfield>
  </datafield>
  <datafield tag="980" ind1=" " ind2=" ">
    <subfield code="a">ARTICLE</subfield>
  </datafield>
</record>
</collection>